Carta al Presidente de los Estados Unidos /

Gespeichert in:
Bibliographische Detailangaben
1. Verfasser: Menchú Tum, Rigoberta
Format: Text
Schlagworte:
Tags: Tag hinzufügen
Keine Tags, Fügen Sie den ersten Tag hinzu!

MARC

LEADER 00000 a a2200000 04500
001 2667
003
040
100 |a Menchú Tum, Rigoberta  
245 |a Carta al Presidente de los Estados Unidos /  |c Rigoberta Menchú Tum 
650 |a TERRORISMO  
650 |a MANTENIMIENTO DE LA PAZ  
650 |a COEXISTENCIA PACIFICA  
773 |g volumen 42, número 225; páginas 29-30  
999 |c 26668  |d 26668